[Event "Zuerich Seniors op 08th"]
[Site "Zuerich"]
[Date "2010.01.26"]
[Round "2"]
[White "Eggenberger, Werner"]
[Black "Naepflin, Reinhold"]
[Result "1-0"]
[WhiteElo "2156"]
[BlackElo "1721"]
[PlyCount "69"]
[EventDate "2010.01.25"]
[EventType "swiss"]
[EventRounds "9"]
[EventCountry "SUI"]
[SourceTitle "EXT 2022"]
[Source "ChessBase"]
[SourceDate "2021.10.06"]
[SourceVersion "1"]
[SourceVersionDate "2021.10.06"]
[SourceQuality "1"]

1. e4 c5 2. Nf3 d6 3. d4 cxd4 4. Nxd4 Nf6 5. Nc3 a6 6. Bg5 e6 7. f4 Qc7 8. Qf3 Nc6 9. Nb3 Be7 10. 0-0-0 Bd7 11. Kb1 Rc8 12. Bd3 Na5 13. Rhe1 Nxb3 14. cxb3 h6 15. Qh3 Bc6 16. Rc1 Qb8 17. e5 dxe5 18. fxe5 Nd5 19. Bxe7 Nxc3+ 20. Rxc3 Kxe7 21. Qh4+ Ke8 22. Qg3 Kf8 23. Rec1 Bd7 24. Rxc8+ Bxc8 25. Qf4 Bd7 26. Qb4+ Kg8 27. Bxa6 Qxe5 28. Qxb7 Qf5+ 29. Ka1 e5 30. Rf1 Qe6 31. Bc4 Qd6 32. Bxf7+ Kh7 33. Qe4+ g6 34. Bxg6+ Qxg6 35. Rf7+ 1-0

[Event "Zuerich Seniors op 07th"]
[Site "Zuerich"]
[Date "2009.??.??"]
[Round "?"]
[White "Glur, Erwin"]
[Black "Eggenberger, Werner"]
[Result "1-0"]
[WhiteElo "1886"]
[BlackElo "2086"]
[PlyCount "115"]
[EventDate "2009.01.26"]
[EventType "swiss"]
[EventRounds "9"]
[EventCountry "SUI"]
[SourceTitle "EXT 2022"]
[Source "ChessBase"]
[SourceDate "2021.10.06"]
[SourceVersion "1"]
[SourceVersionDate "2021.10.06"]
[SourceQuality "1"]

1. e4 c5 2. d3 e6 3. g3 Nc6 4. Bg2 g6 5. Nh3 Bg7 6. 0-0 Nge7 7. f4 d6 8. c3 0-0 9. Nd2 d5 10. Nf2 f5 11. e5 Rb8 12. Nf3 d4 13. c4 a6 14. Bd2 b6 15. g4 Bb7 16. Nh4 a5 17. gxf5 gxf5 18. Nh3 Ng6 19. Nf3 Nh4 20. Nhg5 Nxf3+ 21. Rxf3 Qe8 22. Rg3 h6 23. Nxe6 Rf7 24. Bd5 Kh8 25. Qh5 Qe7 26. Ng5 Rff8 27. Nf7+ Rxf7 28. Qxf7 Qxf7 29. Bxf7 Ne7 30. Kf2 Rf8 31. Be6 Bc8 32. Bd5 Rd8 33. Rag1 Bf8 34. Bf3 Be6 35. a3 a4 36. Be1 Rb8 37. R1g2 b5 38. cxb5 Rxb5 39. Kg1 Nd5 40. Bxd5 Bxd5 41. Rc2 Kh7 42. Bf2 Be7 43. Rh3 Rb3 44. Kf1 Be4 45. Ke2 c4 46. Rxc4 Rxb2+ 47. Ke1 Rb1+ 48. Kd2 Bd5 49. Rc7 Rb7 50. Rxb7 Bxb7 51. Bxd4 Bxa3 52. Rg3 Bc6 53. Kc3 Be8 54. e6 Bg6 55. Bf6 h5 56. e7 Be8 57. Rg7+ Kh6 58. Rg8 1-0

[Event "Zuerich Seniors op 06th"]
[Site "Zuerich"]
[Date "2008.??.??"]
[Round "?"]
[White "Eggenberger, Werner"]
[Black "Singeisen, Hermann"]
[Result "1/2-1/2"]
[WhiteElo "2086"]
[BlackElo "2116"]
[PlyCount "71"]
[EventDate "2008.01.28"]
[EventType "swiss"]
[EventRounds "9"]
[EventCountry "SUI"]
[SourceTitle "EXT 2022"]
[Source "ChessBase"]
[SourceDate "2021.10.06"]
[SourceVersion "1"]
[SourceVersionDate "2021.10.06"]
[SourceQuality "1"]

1. e4 c5 2. Nf3 d6 3. d4 cxd4 4. Nxd4 Nf6 5. Nc3 a6 6. Bg5 e6 7. f4 h6 8. Bh4 Qc7 9. Bxf6 gxf6 10. f5 Nc6 11. fxe6 fxe6 12. Be2 Qg7 13. Bh5+ Kd8 14. Nxc6+ bxc6 15. 0-0 Rg8 16. Qf3 Kc7 17. e5 f5 18. exd6+ Bxd6 19. Rae1 e5 20. Qe2 Be6 21. Bf3 Kb7 22. Na4 e4 23. Qe3 Qc7 24. g3 Bd5 25. Bg2 f4 26. gxf4 Rg4 27. Kh1 Rag8 28. Bxe4 Re8 29. Qd3 Rxe4 30. Rxe4 Bxf4 31. Rfxf4 Rxf4 32. Nc5+ Kb6 33. Qd4 Qc8 34. Nd3+ Kb7 35. Nc5+ Ka8 36. Qd3 1/2-1/2

[Event "Zuerich Seniors op 05th"]
[Site "Zuerich"]
[Date "2007.??.??"]
[Round "?"]
[White "Eggenberger, Werner"]
[Black "Mazzoni, Renzo"]
[Result "1-0"]
[WhiteElo "2090"]
[BlackElo "1654"]
[PlyCount "53"]
[EventDate "2007.01.22"]
[EventType "swiss"]
[EventRounds "9"]
[EventCountry "SUI"]
[SourceTitle "EXT 2022"]
[Source "ChessBase"]
[SourceDate "2021.10.06"]
[SourceVersion "1"]
[SourceVersionDate "2021.10.06"]
[SourceQuality "1"]

1. e4 e6 2. d4 d5 3. Nc3 Bb4 4. e5 c5 5. a3 Bxc3+ 6. bxc3 Nc6 7. Qg4 Nge7 8. Nf3 cxd4 9. cxd4 Nf5 10. Bd3 Nce7 11. 0-0 Qc7 12. a4 0-0 13. Qh3 Ng6 14. g4 Nfe7 15. Ba3 Rd8 16. Rfc1 h6 17. Qg3 a5 18. h4 Nc6 19. h5 Nge7 20. Bd6 Qd7 21. g5 hxg5 22. Nxg5 f5 23. exf6 Qxd6 24. Bh7+ Kf8 25. fxg7+ Kxg7 26. h6+ Kf6 27. Qh4 1-0

[Event "Zuerich Seniors op 05th"]
[Site "Zuerich"]
[Date "2007.??.??"]
[Round "?"]
[White "Lenzhofer, Bruno"]
[Black "Eggenberger, Werner"]
[Result "0-1"]
[WhiteElo "1895"]
[BlackElo "2090"]
[PlyCount "76"]
[EventDate "2007.01.22"]
[EventType "swiss"]
[EventRounds "9"]
[EventCountry "SUI"]
[SourceTitle "EXT 2022"]
[Source "ChessBase"]
[SourceDate "2021.10.06"]
[SourceVersion "1"]
[SourceVersionDate "2021.10.06"]
[SourceQuality "1"]

1. e4 c5 2. Nf3 a6 3. d4 cxd4 4. Nxd4 Nf6 5. Nc3 e5 6. Nf3 Bb4 7. Bd2 0-0 8. Bc4 d6 9. Qe2 Nc6 10. a3 Bc5 11. h3 b5 12. Bb3 Nd4 13. Nxd4 exd4 14. Nd5 Nxe4 15. 0-0-0 Bf5 16. g4 Bg6 17. h4 d3 18. cxd3 Nxf2 19. Bg5 Qd7 20. Ne7+ Kh8 21. Nxg6+ fxg6 22. h5 gxh5 23. Rxh5 g6 24. Rh2 Nxd1 25. Qxd1 Bd4 26. Qh1 Rac8+ 27. Kb1 Rc7 28. Qe4 Be5 29. Qxg6 Qg7 30. Qh5 Bxh2 31. Bh6 Rf1+ 32. Ka2 Qe5 33. Qh4 Re7 34. Bd2 Bg3 35. Qh6 Rf6 36. Qh1 Rf2 37. d4 Qe4 38. Qh6 Qg6 0-1

[Event "SUI-ch Seniors"]
[Site "Leukerbad"]
[Date "2007.??.??"]
[Round "7"]
[White "Pauchard, Pierre"]
[Black "Eggenberger, Werner"]
[Result "0-1"]
[WhiteElo "2142"]
[BlackElo "2086"]
[PlyCount "56"]
[EventDate "2007.07.??"]
[EventType "swiss"]
[EventRounds "9"]
[EventCountry "SUI"]
[SourceTitle "EXT 2010"]
[Source "ChessBase"]
[SourceDate "2010.11.25"]
[SourceVersion "1"]
[SourceVersionDate "2010.11.25"]
[SourceQuality "1"]

1. e4 c5 2. Nf3 a6 3. Nc3 Nc6 4. d4 cxd4 5. Nxd4 e6 6. g3 Bb4 7. Bg2 Nf6 8. 0-0 Bxc3 9. bxc3 0-0 10. Ba3 Re8 11. f4 Qa5 12. Bb2 Qb6 13. e5 Nd5 14. Bxd5 Qxb2 15. Be4 Qxc3 16. Nxc6 Qe3+ 17. Rf2 Qxe4 18. Nd4 b5 19. Qd3 Qxd3 20. cxd3 Bb7 21. Nb3 Kf8 22. Nc5 Bc6 23. Raf1 g6 24. g4 Ke7 25. f5 gxf5 26. h3 d6 27. exd6+ Kxd6 28. d4 Rg8 0-1

[Event "Zuerich op-B 30th"]
[Site "Zuerich"]
[Date "2006.12.26"]
[Round "2"]
[White "Eggenberger, Werner"]
[Black "Beck, Martin"]
[Result "1-0"]
[WhiteElo "2014"]
[BlackElo "1832"]
[PlyCount "55"]
[EventDate "2006.12.26"]
[EventType "swiss"]
[EventRounds "7"]
[EventCountry "SUI"]
[SourceTitle "CBM 116 Extra"]
[Source "ChessBase"]
[SourceDate "2007.03.07"]
[SourceVersion "1"]
[SourceVersionDate "2007.03.07"]
[SourceQuality "1"]

1. e4 e5 2. Nf3 Nc6 3. Bb5 Nf6 4. 0-0 d6 5. Re1 Bd7 6. c3 Be7 7. d4 0-0 8. h3 Nxd4 9. Nxd4 exd4 10. Bxd7 Nxd7 11. cxd4 Bg5 12. Nc3 Bxc1 13. Rxc1 c6 14. f4 Re8 15. Qd2 Re7 16. Kh2 Nf6 17. b4 a6 18. a4 d5 19. e5 Nd7 20. a5 f5 21. Rg1 Qf8 22. Ne2 Qf7 23. g4 Rf8 24. Rcf1 Rfe8 25. Rf2 Kh8 26. gxf5 Qxf5 27. Ng3 Qf8 28. f5 1-0

[Event "Zuerich Seniors op 4th"]
[Site "Zuerich"]
[Date "2006.??.??"]
[Round "?"]
[White "Baumgartner, Walter"]
[Black "Eggenberger, Werner"]
[Result "0-1"]
[WhiteElo "2087"]
[BlackElo "2086"]
[PlyCount "90"]
[EventDate "2006.01.23"]
[EventType "swiss"]
[EventRounds "9"]
[EventCountry "SUI"]
[SourceTitle "EXT 2007"]
[Source "ChessBase"]
[SourceDate "2006.11.23"]
[SourceVersion "1"]
[SourceVersionDate "2006.11.23"]
[SourceQuality "1"]

1. d4 d5 2. Nf3 c6 3. c4 Nf6 4. Nc3 a6 5. a4 dxc4 6. e3 Bf5 7. Bxc4 e6 8. 0-0 Nbd7 9. Qe2 b5 10. axb5 axb5 11. Rxa8 Qxa8 12. Bb3 Bg6 13. Bd2 Be7 14. Ne5 Nxe5 15. dxe5 Nd7 16. f4 Nc5 17. Nxb5 Qb7 18. Bc4 cxb5 19. Bxb5+ Nd7 20. g4 Be4 21. Qc4 0-0 22. Bxd7 Qxd7 23. Qxe4 Qxd2 24. Qd4 Rd8 25. Qxd2 Rxd2 26. Rf2 Rd3 27. Re2 h6 28. Kf2 Rb3 29. Kf3 f6 30. Ke4 Rb4+ 31. Kf3 fxe5 32. fxe5 Kf7 33. Rc2 Rb3 34. h3 Bg5 35. Re2 Bd8 36. Rd2 Ke8 37. Rd6 Ke7 38. Rd2 Bb6 39. Re2 Bd4 40. h4 Bxe5 41. g5 h5 42. g6 Rxb2 43. Re1 Rh2 44. Rg1 Rxh4 45. Rg5 Kf6 0-1

[Event "Laax Seniors op 4th"]
[Site "Laax"]
[Date "2005.08.28"]
[Round "6"]
[White "Malinverno, Gianni"]
[Black "Eggenberger, Werner"]
[Result "0-1"]
[WhiteElo "1945"]
[BlackElo "2073"]
[PlyCount "88"]
[EventDate "2005.08.22"]
[EventType "swiss"]
[EventRounds "9"]
[EventCountry "SUI"]
[SourceTitle "EXT 2007"]
[Source "ChessBase"]
[SourceDate "2006.11.23"]
[SourceVersion "1"]
[SourceVersionDate "2006.11.23"]
[SourceQuality "1"]

1. e4 c5 2. c3 d5 3. exd5 Qxd5 4. d4 e6 5. Nf3 Nf6 6. Na3 a6 7. Nc4 Nbd7 8. Be3 b5 9. Nce5 c4 10. Nxd7 Nxd7 11. Be2 Bb7 12. 0-0 Be7 13. Ne1 Qd6 14. Bf3 Bd5 15. Bxd5 exd5 16. Qd2 0-0 17. Bf4 Qg6 18. Nf3 Rfe8 19. Rfe1 Nf6 20. Ne5 Qf5 21. f3 h5 22. Re2 h4 23. Bg5 Nh5 24. Bxe7 Rxe7 25. Nc6 Rxe2 26. Qxe2 Qg5 27. Qe5 Qxe5 28. Nxe5 f6 29. Ng6 Kf7 30. Nxh4 Re8 31. g3 Re2 32. Rb1 g5 33. Ng2 a5 34. Kf1 Rd2 35. g4 Ng7 36. Kg1 Ne6 37. a3 b4 38. axb4 axb4 39. Ne3 Nf4 40. cxb4 Rd3 41. Nf5 Rb3 42. b5 c3 43. Ra1 cxb2 44. Ra7+ Ke8 0-1

[Event "SUI-ch Seniors"]
[Site "Saas Almagell"]
[Date "2005.07.12"]
[Round "6"]
[White "Eggenberger, Werner"]
[Black "Vucenovic, Dragomir"]
[Result "1-0"]
[WhiteElo "2097"]
[BlackElo "2299"]
[PlyCount "81"]
[EventDate "2005.07.07"]
[EventType "swiss"]
[EventRounds "9"]
[EventCountry "SUI"]
[SourceTitle "EXT 2019"]
[Source "ChessBase"]
[SourceDate "2018.10.10"]
[SourceVersion "1"]
[SourceVersionDate "2018.10.10"]
[SourceQuality "1"]

1. e4 e5 2. Nf3 Nf6 3. Nxe5 d6 4. Nf3 Nxe4 5. d4 d5 6. Bd3 Nc6 7. 0-0 Be7 8. c4 Nb4 9. cxd5 Nf6 10. Bb5+ Bd7 11. d6 Bxd6 12. Re1+ Kf8 13. Bxd7 Qxd7 14. a3 Nbd5 15. Ne5 Qb5 16. Nc3 Nxc3 17. bxc3 Rd8 18. a4 Qa5 19. Qf3 Qd5 20. Qf5 Qe6 21. Qc2 Kg8 22. Bg5 h6 23. Bh4 g5 24. Bg3 Re8 25. f4 Qd5 26. fxg5 hxg5 27. Qf5 Be7 28. Qxg5+ Kf8 29. Rf1 Rh5 30. Qf4 Qe6 31. Rae1 Kg8 32. c4 Rh7 33. Ng6 Qxe1 34. Rxe1 fxg6 35. Rxe7 Rhxe7 36. Qxf6 Re6 37. Qf3 c5 38. d5 Re3 39. Qf2 Rd3 40. h3 Ree3 41. Kh2 1-0

[Event "Zuerich Seniors op 3rd"]
[Site "Zuerich"]
[Date "2005.01.26"]
[Round "?"]
[White "Eggenberger, Werner"]
[Black "Eggmann, Karl"]
[Result "1-0"]
[WhiteElo "2094"]
[BlackElo "1892"]
[PlyCount "113"]
[EventDate "2005.01.24"]
[EventType "swiss"]
[EventRounds "9"]
[EventCountry "SUI"]
[SourceTitle "EXT 2007"]
[Source "ChessBase"]
[SourceDate "2006.11.23"]
[SourceVersion "1"]
[SourceVersionDate "2006.11.23"]
[SourceQuality "1"]

1. e4 c5 2. Nf3 d6 3. d3 Nc6 4. g3 Nf6 5. Bg2 g6 6. 0-0 Bg7 7. Re1 0-0 8. c3 Rb8 9. a4 b6 10. h3 Bb7 11. Nbd2 Nd7 12. Nf1 e6 13. Bg5 Qc7 14. Qd2 Nce5 15. d4 Nxf3+ 16. Bxf3 Rbc8 17. Rac1 Qb8 18. Bh6 Rfe8 19. Bxg7 Kxg7 20. Ne3 f5 21. d5 Ne5 22. Bg2 fxe4 23. Bxe4 exd5 24. Nxd5 Nc4 25. Qg5 Bxd5 26. Bxd5 Ne5 27. f4 Nd3 28. Re7+ Rxe7 29. Qxe7+ Kh6 30. Rd1 Nxb2 31. Re1 Rc7 32. Qg5+ Kg7 33. f5 Qf8 34. Rf1 Qf6 35. Qd2 Nxa4 36. fxg6 Qxg6 37. Qf4 Rc8 38. Be4 Nxc3 39. Bd3 Nd5 40. Qf3 Qe6 41. Rf2 Ne7 42. Re2 Qd7 43. Rf2 Qe6 44. Qh5 h6 45. Re2 Qf7 46. Qg4+ Kh8 47. Re6 Ng8 48. Bc4 Rf8 49. Qe2 Qg7 50. Kg2 Rf6 51. Re4 Rg6 52. Re8 Qb7+ 53. Kh2 Rg5 54. Qe6 Qh7 55. Qf6+ Qg7 56. Rxg8+ Kh7 57. Rxg7+ 1-0

[Event "Laax Seniors op 4th"]
[Site "Laax"]
[Date "2005.??.??"]
[Round "?"]
[White "Eggenberger, Werner"]
[Black "Eggenberger, Ulrich"]
[Result "1/2-1/2"]
[WhiteElo "2097"]
[BlackElo "2025"]
[PlyCount "44"]
[EventDate "2005.08.22"]
[EventType "swiss"]
[EventRounds "9"]
[EventCountry "SUI"]
[SourceTitle "EXT 2007"]
[Source "ChessBase"]
[SourceDate "2006.11.23"]
[SourceVersion "1"]
[SourceVersionDate "2006.11.23"]
[SourceQuality "1"]

1. e4 e6 2. d4 d5 3. Nc3 Nf6 4. Bg5 Bb4 5. e5 h6 6. Be3 Ne4 7. Nge2 c5 8. a3 cxd4 9. Bxd4 Nxc3 10. Nxc3 Be7 11. f4 Bd7 12. Bd3 Nc6 13. Bf2 a6 14. Qe2 Qc7 15. 0-0 Na7 16. Kh1 Bc5 17. Bg3 Nc6 18. Nxd5 exd5 19. e6 fxe6 20. Bg6+ Kd8 21. f5 e5 22. Rad1 d4 1/2-1/2

[Event "Zuerich Seniors op 3rd"]
[Site "Zuerich"]
[Date "2005.??.??"]
[Round "?"]
[White "Vollmer, Stefan"]
[Black "Eggenberger, Werner"]
[Result "0-1"]
[WhiteElo "2002"]
[BlackElo "2094"]
[PlyCount "124"]
[EventDate "2005.01.24"]
[EventType "swiss"]
[EventRounds "9"]
[EventCountry "SUI"]
[SourceTitle "EXT 2007"]
[Source "ChessBase"]
[SourceDate "2006.11.23"]
[SourceVersion "1"]
[SourceVersionDate "2006.11.23"]
[SourceQuality "1"]

1. e4 c5 2. Nc3 e6 3. Nf3 Nc6 4. d4 cxd4 5. Nxd4 Nf6 6. Ndb5 Bb4 7. Nd6+ Ke7 8. Bf4 e5 9. Nf5+ Kf8 10. Bg5 d5 11. Bxf6 Qxf6 12. Qxd5 Bxf5 13. exf5 Rd8 14. Qb3 Kg8 15. Bd3 e4 16. Bxe4 Qe5 17. 0-0 Bxc3 18. Bxc6 bxc6 19. Qxc3 Qxc3 20. bxc3 f6 21. Rab1 h5 22. Rb7 Rd2 23. Rxa7 Rxc2 24. Ra3 Kh7 25. h4 Re8 26. c4 Rxc4 27. Rd1 Rxh4 28. Rc3 Re2 29. a3 Rf4 30. Rf3 Rxf3 31. gxf3 Re5 32. Rc1 Rxf5 33. Rxc6 Rxf3 34. a4 Ra3 35. Rc4 g5 36. Kg2 Kg6 37. Rb4 g4 38. Rc4 Kg5 39. Rc5+ f5 40. a5 h4 41. Rb5 Ra2 42. Kg1 h3 43. Rc5 Ra1+ 44. Kh2 Kf4 45. Rb5 Rf1 46. Rb2 Kf3 47. a6 Ra1 48. a7 Rxa7 49. Kg1 Ra1+ 50. Kh2 Ra3 51. Rb5 f4 52. Rb2 Ra5 53. Rb3+ Kxf2 54. Rb2+ Kf3 55. Rb3+ Ke4 56. Rb4+ Kf5 57. Rb2 Kg5 58. Rb1 Ra2+ 59. Kh1 g3 60. Rc1 Ra5 61. Rb1 Kg4 62. Rc1 h2 0-1

[Event "Samnaun Seniors"]
[Site "Samnaun"]
[Date "2004.07.10"]
[Round "3"]
[White "Vucenovic, Dragomir"]
[Black "Eggenberger, Werner"]
[Result "1-0"]
[WhiteElo "2302"]
[BlackElo "2097"]
[PlyCount "49"]
[EventDate "2004.07.08"]
[EventType "swiss"]
[EventRounds "9"]
[EventCountry "SUI"]
[SourceTitle "EXT 2005"]
[Source "ChessBase"]
[SourceDate "2004.11.15"]
[SourceVersion "1"]
[SourceVersionDate "2004.11.15"]
[SourceQuality "1"]

1. d4 d5 2. g3 c6 3. Bg2 Bf5 4. Nf3 h6 5. 0-0 Nf6 6. c4 e6 7. Nc3 dxc4 8. Ne5 Nbd7 9. e4 Bh7 10. Nxc4 Nb6 11. Nxb6 Qxb6 12. d5 Rd8 13. Qe2 e5 14. Be3 Qa5 15. dxc6 bxc6 16. Qc4 Rc8 17. Bh3 Rc7 18. a3 c5 19. f4 h5 20. fxe5 Ng4 21. Bf4 g5 22. Bxg5 Nxe5 23. Qd5 Nc6 24. Rxf7 Bg8 25. Bd7+ 1-0

[Event "Zuerich Seniors op 2nd"]
[Site "Zuerich"]
[Date "2004.??.??"]
[Round "?"]
[White "Eggenberger, Ulrich"]
[Black "Eggenberger, Werner"]
[Result "1/2-1/2"]
[WhiteElo "2025"]
[BlackElo "2065"]
[PlyCount "76"]
[EventDate "2004.01.??"]
[EventType "swiss"]
[EventRounds "9"]
[EventCountry "SUI"]
[SourceTitle "EXT 2010"]
[Source "ChessBase"]
[SourceDate "2010.11.25"]
[SourceVersion "1"]
[SourceVersionDate "2010.11.25"]
[SourceQuality "1"]

1. f4 d5 2. Nf3 Nf6 3. e3 g6 4. Be2 Bg7 5. 0-0 0-0 6. d3 b6 7. Ne5 c5 8. Nd2 Nfd7 9. Nxd7 Qxd7 10. e4 dxe4 11. Nxe4 Nc6 12. Bf3 Bb7 13. Nc3 Nd4 14. Bxb7 Qxb7 15. Ne2 Rad8 16. Nxd4 Bxd4+ 17. Kh1 Rd5 18. Qf3 Qd7 19. Rb1 Rd8 20. b3 b5 21. Be3 Bc3 22. Qf2 Qc7 23. h3 b4 24. Bc1 Bd4 25. Qd2 e6 26. a4 Qe7 27. Qe2 Qf6 28. Bd2 a5 29. Rf3 Re8 30. Qf1 Qe7 31. Re1 h5 32. Re2 Rf5 33. Re4 Qb7 34. Bc1 Kg7 35. Bd2 e5 36. g4 hxg4 37. hxg4 Rf6 38. f5 Qc8 1/2-1/2

[Event "Zuerich Seniors op 2nd"]
[Site "Zuerich"]
[Date "2004.??.??"]
[Round "?"]
[White "Eggenberger, Werner"]
[Black "Wuergler, Hans Ulrich"]
[Result "1-0"]
[WhiteElo "2065"]
[BlackElo "1855"]
[PlyCount "137"]
[EventDate "2004.01.??"]
[EventType "swiss"]
[EventRounds "9"]
[EventCountry "SUI"]
[SourceTitle "EXT 2010"]
[Source "ChessBase"]
[SourceDate "2010.11.25"]
[SourceVersion "1"]
[SourceVersionDate "2010.11.25"]
[SourceQuality "1"]

1. e4 c5 2. Nf3 d6 3. d4 cxd4 4. Nxd4 Nf6 5. Nc3 a6 6. f3 e6 7. Be3 Be7 8. g4 Nc6 9. Qd2 Qc7 10. 0-0-0 Ne5 11. g5 Nfd7 12. f4 Nc4 13. Bxc4 Qxc4 14. Kb1 b5 15. b3 Qc7 16. f5 Nc5 17. g6 hxg6 18. fxe6 fxe6 19. Qg2 Bf6 20. e5 Bb7 21. Qxg6+ Qf7 22. Qxf7+ Kxf7 23. Rhf1 dxe5 24. Ndxb5 axb5 25. Bxc5 Bc6 26. Rd6 Rae8 27. Rf2 Rh3 28. Rd3 Reh8 29. Rxh3 Rxh3 30. Nd1 Rf3 31. Rxf3 Bxf3 32. Ne3 Ke8 33. c4 bxc4 34. Nxc4 Kd7 35. b4 Bd5 36. Nb6+ Kc6 37. a4 e4 38. Be3 Be5 39. b5+ Kb7 40. h4 Bc3 41. Kc2 Ba5 42. Nd7 Kc7 43. Ne5 Kd6 44. Bd4 e3 45. Kd3 Bb3 46. Kxe3 Bxa4 47. Nc4+ Ke7 48. Nxa5 Bxb5 49. Bxg7 Kf7 50. Be5 Kg6 51. Kf4 Kh5 52. Bf6 Kg6 53. Ke5 Kf7 54. h5 Be2 55. h6 Bd3 56. Nc6 Kg6 57. Bg7 Kf7 58. Nd8+ Ke7 59. Bf6+ Kf8 60. Nxe6+ Kg8 61. Ng5 Bc2 62. Be7 Bd3 63. Kf6 Bc2 64. Nf3 Be4 65. Ne5 Bc2 66. Nf3 Be4 67. Nh4 Bd3 68. Nf5 Bc2 69. Kg6 1-0

[Event "SUI-ch Seniors"]
[Site "Silvaplana"]
[Date "2003.??.??"]
[Round "4"]
[White "Eggenberger, Werner"]
[Black "Zesiger, Horst"]
[Result "0-1"]
[WhiteElo "2050"]
[BlackElo "2101"]
[PlyCount "78"]
[EventDate "2003.07.10"]
[EventType "swiss"]
[EventRounds "9"]
[EventCountry "SUI"]
[SourceTitle "CBM 095 Extra"]
[Source "ChessBase"]
[SourceDate "2003.09.04"]
[SourceVersion "1"]
[SourceVersionDate "2003.09.04"]
[SourceQuality "1"]

1. e4 d5 2. exd5 Qxd5 3. Nc3 Qa5 4. d4 Nf6 5. Bc4 Bf5 6. Nge2 e6 7. 0-0 c6 8. Bf4 Nbd7 9. a3 Qd8 10. Ng3 Bg6 11. h4 Nb6 12. Bb3 h5 13. Bg5 Be7 14. Nce2 Ng4 15. Qd2 Bxg5 16. hxg5 h4 17. Qf4 hxg3 18. Qxg4 Bh5 19. Qh4 Kd7 20. fxg3 Qe7 21. g4 Bg6 22. Qg3 Rad8 23. c4 Kc8 24. Rfd1 Qxg5 25. Nf4 Bf5 26. d5 Qxg4 27. Qxg4 Bxg4 28. Rd2 exd5 29. cxd5 g5 30. Nh3 Bxh3 31. gxh3 Nxd5 32. Bxd5 Rxd5 33. Rxd5 cxd5 34. Rf1 Rxh3 35. Rxf7 Rb3 36. Rf5 d4 37. Rxg5 Rxb2 38. Rd5 Ra2 39. Ra5 d3 0-1

[Event "SUI-ch Seniors"]
[Site "Silvaplana"]
[Date "2003.??.??"]
[Round "8"]
[White "Vucenovic, Dragomir"]
[Black "Eggenberger, Werner"]
[Result "1-0"]
[WhiteElo "2272"]
[BlackElo "2050"]
[PlyCount "57"]
[EventDate "2003.07.10"]
[EventType "swiss"]
[EventRounds "9"]
[EventCountry "SUI"]
[SourceTitle "CBM 095 Extra"]
[Source "ChessBase"]
[SourceDate "2003.09.04"]
[SourceVersion "1"]
[SourceVersionDate "2003.09.04"]
[SourceQuality "1"]

1. Nf3 e6 2. d4 f5 3. g3 Nf6 4. Bg2 Be7 5. 0-0 0-0 6. c4 d6 7. Nc3 Qe8 8. e3 a5 9. b3 Na6 10. Bb2 c6 11. a3 Bd7 12. Qe2 Ne4 13. Nxe4 fxe4 14. Nd2 d5 15. f3 exf3 16. Nxf3 Qh5 17. Rae1 Bf6 18. e4 g5 19. cxd5 g4 20. dxe6 Bxe6 21. Nd2 Nc7 22. Nc4 b5 23. Ne3 Bg7 24. Qc2 Bd7 25. Nf5 Bf6 26. d5 Bxb2 27. Ne7+ Kg7 28. Qxb2+ Kh6 29. Rf6+ 1-0